Statistics for Chicago Bulls NBA All-Stars

Click here to take the quiz!

General Stats

  • This quiz has been taken 1,480 times
    (980 since last reset)
  • The average score is 10 of 19

Answer Stats

Players#Last% Correct
Michael Jordan121998
99%
Scottie Pippen71997
98%
Derrick Rose32012
92%
Zach LaVine22022
89%
DeMar DeRozan22023
88%
Joakim Noah22014
78%
Jimmy Butler32017
74%
Artis Gilmore41982
68%
Horace Grant11994
52%
Bob Love31973
48%
Luol Deng22013
47%
Pau Gasol22016
40%
B.J. Armstrong11994
38%
Jerry Sloan21969
32%
Bob Boozer11968
30%
Reggie Theus21983
20%
Norm Van Lier31977
14%
Chet Walker41974
13%
Guy Rodgers11967
6%

Score Distribution

Percentile by Number Answered

Percent of People with Each Score

Your Score History

You have not taken this quiz since the last reset